| 000 | 01307nam a2200229 i 4500 | ||
|---|---|---|---|
| 001 | 20839 | ||
| 003 | ES-MaACL | ||
| 005 | 20260216063016.0 | ||
| 007 | t| | ||
| 008 | 021119m18491852sp ||||1| spa d | ||
| 100 | 1 |
_aAlamán, Lucas, _d1792-1853 _919094 |
|
| 245 | 1 | 0 |
_aHistoria de Méjico desde los primeros movimientos que propararon su independencia en el año 1808 hasta la época presente / _cLucas Alamán. |
| 260 |
_aMadrid : _bJ..M. Lara, _c1849-52. |
||
| 300 |
_a5 v. ; _c24 cm. |
||
| 505 | 8 | _aContiene: pte. 1. Comprende desde el principio de las inquietudes en 1808, hasta la completa pacificación del reino en 1820, terminada la Guerra de la Insurreción (4 v.) -- pte. 2. Comprende desde el plan proclamado por D. Agustín de Iturbide en Iguala, en 24 de febrero de 1821 y sucesos de España que dieron motivo a su formación, hasta la muerte de este jefe y el establecimiento de la república federal mejicana en 1824 (XI, 960, 147 p.) | |
| 530 | _aDisponible en formato digital. | ||
| 651 | 4 |
_aMéxico- _xHistoria- _y1810-1821, Guerra de la Independencia. _9168986 |
|
| 651 | 4 |
_aMéxico- _xHistoria- _z1821-1861. _99064 |
|
| 852 |
_aES-MaACL _jF-7983-87 |
||
| 856 |
_uhttp://bdh-rd.bne.es/viewer.vm?id=0000008377&page=1 _zBiblioteca Digital Hispánica |
||
| 999 |
_c20839 _d20839 |
||